|
|
|
|
| LEADER |
00000ny a22000003n 4500 |
| 005 |
20110511105757.0 |
| 008 |
010310s us 000 eng d |
| 022 |
|
|
|a 0046-2276
|
| 035 |
|
|
|a 2874
|
| 040 |
|
|
|a BUS
|d vLex
|
| 080 |
|
|
|a 349.6 73 05
|
| 080 |
|
|
|a 351.777 73 05
|
| 090 |
|
|
|c 1622
|d 1622
|
| 245 |
0 |
0 |
|a Environmental law
|h [Recurso electrn̤ico]
|
| 256 |
|
|
|a Servicio en ln̕ea
|
| 260 |
|
|
|a Portland, Oregon :
|b Northwestern School of Law of Lewis and Clark College
|
| 310 |
|
|
|a Trimestral
|
| 506 |
1 |
|
|a Contenido solo disponible en los productos indicados
|d vLex Global
|d vLex Global (Academic Edition, excluding Law Schools)
|d vLex Global (Academic Edition, Law Schools)
|
| 650 |
0 |
4 |
|a Medio ambiente
|x Derecho
|z Estados Unidos
|x Publicaciones perid̤icas
|
| 650 |
0 |
4 |
|a Environmental issues
|
| 650 |
0 |
4 |
|a Environmental Issues
|
| 650 |
0 |
4 |
|a Law
|
| 740 |
0 |
|
|a vLex Revista (Servicios en ln̕ea)
|
| 843 |
|
|
|a Electrn̤ica. Abierta
|
| 856 |
4 |
0 |
|u http://vlex.com/source/2874
|z Acceso restringido
|
| 942 |
|
|
|c REV
|